Cancionero de poesías varias (Record no. 187606)

MARC details
000 -LEADER
campo de control de longitud fija 01258nam a2200289 i 4500
001 - NÚMERO DE CONTROL
campo de control 187606
003 - IDENTIFICADOR DE NÚMERO DE CONTROL
campo de control ES-MaACL
005 - FECHA Y HORA DE LA ÚLTIMA TRANSACCIÓN
campo de control 20250725232726.0
008 - DATOS DE LONGITUD FIJA--INFORMACIÓN GENERAL
campo de control de longitud fija 171207s1986 sp a |||| | spa d
020 ## - NÚMERO INTERNACIONAL ESTÁNDAR DEL LIBRO
Número Internacional Estándar del Libro 84-86163-45-5
080 ## - NÚMERO DE LA CLASIFICACIÓN DECIMAL UNIVERSAL
Número de la Clasificación Decimal Universal 860-14"14/15"(082.2)
245 00 - MENCIÓN DEL TÍTULO
Título Cancionero de poesías varias
Resto del título : manuscrito nº 617 de la Biblioteca Real de Madrid /
Mención de responsabilidad, etc. edición, prólogo, notas e índices de José J. Labrador, C. Ángel Zorita, Ralph A. di Franco.
260 ## - PUBLICACIÓN, DISTRIBUCIÓN, ETC.
Lugar de publicación, distribución, etc. Madrid :
Nombre del editor, distribuidor, etc. El Crotalón,
Fecha de publicación, distribución, etc. 1986.
300 ## - DESCRIPCIÓN FÍSICA
Extensión XL, 667 p. :
Otras características físicas il. ;
Dimensiones 23 cm.
490 1# - MENCIÓN DE SERIE
Mención de serie Anejos del Anuario de filología española de El crotalón. Textos ;
Designación de volumen o secuencia 2
504 ## - NOTA DE BIBLIOGRAFÍA, ETC.
Nota de bibliografía, etc. Bibliografía: p. 605-619.
650 #4 - PUNTO DE ACCESO ADICIONAL DE MATERIA--TÉRMINO DE MATERIA
Término de materia o nombre geográfico como elemento de entrada Poesías españolas-
Subdivisión cronológica Hasta S.XV.
9 (RLIN) 152332
650 #4 - PUNTO DE ACCESO ADICIONAL DE MATERIA--TÉRMINO DE MATERIA
Término de materia o nombre geográfico como elemento de entrada Poesías españolas-
Subdivisión cronológica S.XVI-XVII
9 (RLIN) 16219
700 1# - ENTRADA AGREGADA--NOMBRE PERSONAL
Nombre de persona Labrador Herraiz, José J.
9 (RLIN) 69288
700 1# - ENTRADA AGREGADA--NOMBRE PERSONAL
Nombre de persona Zorita, C. Ángel.
9 (RLIN) 163895
700 0# - ENTRADA AGREGADA--NOMBRE PERSONAL
Nombre de persona DiFranco, Ralph A.
9 (RLIN) 44793
830 0# - PUNTO DE ACCESO ADICIONAL DE SERIE-TÍTULO UNIFORME
Título uniforme Anejos del Anuario de filología española de El crotalón. Textos ;
Designación de volumen o secuencia 2
9 (RLIN) 225582
852 ## - LOCALIZACIÓN
Ubicación ES-MaACL
Número de control de estantería A-14049
itemnumber 194692
Sublocalización o colección R.151056
Ubicación en estantería Depósito 1
Signatura antigua Olim: N-7049
Donativo/Legado Donación: José J. Labrador Herraiz
903 ## - NOMBRE PERSONAL DE DONANTE
9 69288
a Labrador Herraiz, José J.
e Donante
942 ## - ELEMENTOS DE ENTRADA SECUNDARIOS (KOHA)
Fuente del sistema de clasificación o colocación Clasificación decimal universal
Tipo de ítem Koha Libro impreso
Holdings
Estatus retirado Estado de pérdida Fuente del sistema de clasificación o colocación Estado de daño No para préstamo Biblioteca de origen Biblioteca actual Ubicación en estantería Fecha de adquisición Fuente de adquisición Total de préstamos Signatura topográfica completa Código de barras Visto por última vez Precio de reemplazo Tipo de ítem Koha
    Clasificación decimal universal     Biblioteca del Ateneo de Madrid Biblioteca del Ateneo de Madrid Depósito 1 09/08/2018 Donación   A-14049 1199221 23/02/2023 23/02/2023 Libro impreso